Prasna vishnava/ (Record no. 35662)

000 -LEADER
fixed length control field 00416nam a22001691a 4500
020 ## - INTERNATIONAL STANDARD BOOK NUMBER
International Standard Book Number 9788170813743
082 ## - DEWEY DECIMAL CLASSIFICATION NUMBER
Classification number S 294.551 2
Item number UMA/P
100 ## - MAIN ENTRY--PERSONAL NAME
Personal name Umakanth Dha
9 (RLIN) 144188
245 ## - TITLE STATEMENT
Title Prasna vishnava/
Statement of responsibility, etc. by Umakanth Dha.
260 ## - PUBLICATION, DISTRIBUTION, ETC.
Place of publication, distribution, etc. Delhi:
Name of publisher, distributor, etc. Nag,
Date of publication, distribution, etc. 1997.
300 ## - PHYSICAL DESCRIPTION
Extent 238p.
500 ## - GENERAL NOTE
General note Umakanth Dha
650 ## - SUBJECT ADDED ENTRY--TOPICAL TERM
Topical term or geographic name entry element Vishnuism
9 (RLIN) 144189
650 ## - SUBJECT ADDED ENTRY--TOPICAL TERM
Topical term or geographic name entry element Hinduism
9 (RLIN) 144190
650 ## - SUBJECT ADDED ENTRY--TOPICAL TERM
Topical term or geographic name entry element Religion
9 (RLIN) 144191
942 ## - ADDED ENTRY ELEMENTS (KOHA)
Koha item type Book
Holdings
Withdrawn status Lost status Damaged status Not for loan Permanent Location Current Location Date acquired Cost, normal purchase price Total Checkouts Full call number Barcode Date last seen Cost, replacement price Price effective from Koha item type
        Sree Sankaracharya University of Sanskrit Sree Sankaracharya University of Sanskrit 08.01.2015 63.00   S 294.551 2 UMA/P 013329 08.01.2015 0.00 08.01.2015 Book